Online
Catalog

José Ortega y Gasset y los nuevos grandes libros / (Record no. 31950)

MARC details
000 -CABECERA
campo de control de longitud fija 00524nam a2200181 a 4500
001 - NÚMERO DE CONTROL
campo de control 000032459
003 - IDENTIFICADOR DEL NÚMERO DE CONTROL
campo de control DO-SdBNP
005 - FECHA Y HORA DE LA ÚLTIMA TRANSACCIÓN
campo de control 20220810115556.0
008 - DATOS DE LONGITUD FIJA--INFORMACIÓN GENERAL
campo de control de longitud fija 110718s1932 dr c 000 0 spa d
040 ## - FUENTE DE LA CATALOGACIÓN
Centro catalogador/agencia de origen DO-SdBNP
Lengua de catalogación spa
Centro/agencia transcriptor BNPHU
049 ## - FONDOS LOCALES (OCLC)
Fondos de biblioteca BNPD
082 ## - NÚMERO DE LA CLASIFICACIÓN DECIMAL DEWEY
Número de clasificación xxx
Número de documento/Ítem L864j
100 1# - ENTRADA PRINCIPAL--NOMBRE DE PERSONA
Nombre de persona López Penha, Haim H.
9 (RLIN) 29198
245 10 - MENCIÓN DE TÍTULO
Título José Ortega y Gasset y los nuevos grandes libros /
Mención de responsabilidad, etc. Haim H. López Penha.
260 ## - PUBLICACIÓN, DISTRIBUCIÓN, ETC.
Lugar de publicación, distribución, etc. Santo Domingo :
Nombre del editor, distribuidor, etc. Revista Lumen,
Fecha de publicación, distribución, etc. 1932.
300 ## - DESCRIPCIÓN FÍSICA
Extensión 28 p. :
Otras características físicas retrs. ;
Dimensiones 24 cm.
942 ## - ELEMENTOS DE PUNTO DE ACCESO ADICIONAL (KOHA)
Fuente del sistema de clasificación o colocación Dewey Decimal Classification
Tipo de ítem Koha Libro
Holdings
Estado de retiro Estado de pérdida Restricciones de uso No para préstamo Código de colección Localización permanente Ubicación/localización actual Ubicación en estantería Fecha de adquisición Número de inventario Total de préstamos Signatura topográfica completa Código de barras Fecha visto por última vez Precio válido a partir de Tipo de ítem Koha Nota pública
      Excluido de préstamo Raros y valiosos Patrimonio Dominicano Patrimonio Dominicano En catalogación 18.07.2011 LF1   xxx L864j 32459-10 25.06.2020 25.06.2020 No se presta Pertenació a la biblioteca personal de Martínez Boog

Powered by Koha